000 00380pam a2200157 a 4500
020 _a9789385891236
_c
041 _h
082 _a616.5
_bMAH
100 _aPradeep Mahajan.
245 _aIadvl Color Atlas of Dermatopathology
_hTextual Documents
250 _a1st ed.
260 _bJaypee Brothers Med. Pub.
_c2017
300 _a448.
653 _aDermatology
930 _a11316
999 _c11295
_d11295